Financial valuation: Applications and models (Record no. 1465081)
[ view plain ]
| 000 -LEADER | |
|---|---|
| fixed length control field | 01044nam a2200193 4500 |
| 005 - DATE AND TIME OF LATEST TRANSACTION | |
| control field | 20251028122049.0 |
| 008 - FIXED-LENGTH DATA ELEMENTS--GENERAL INFORMATION | |
| fixed length control field | 251028b |||||||| |||| 00| 0 eng d |
| 020 ## - INTERNATIONAL STANDARD BOOK NUMBER | |
| International Standard Book Number | 9781119880936 |
| 037 ## - SOURCE OF ACQUISITION | |
| Terms of availability | textual |
| 040 ## - CATALOGING SOURCE | |
| Original cataloging agency | RTL |
| Transcribing agency | RTL |
| 084 ## - COLON CLASSIFICATION NUMBER | |
| Assigning agency | RTL |
| 100 ## - MAIN ENTRY--PERSONAL NAME | |
| Personal name | Hitchner, James R. |
| 9 (RLIN) | 849681 |
| 245 ## - TITLE STATEMENT | |
| Title | Financial valuation: Applications and models |
| 250 ## - EDITION STATEMENT | |
| Edition statement | 5th |
| 260 ## - PUBLICATION, DISTRIBUTION, ETC. | |
| Place of publication, distribution, etc. | New Jersey |
| Name of publisher, distributor, etc. | John Wiley & sons, Inc. |
| Date of publication, distribution, etc. | 2025 |
| 300 ## - PHYSICAL DESCRIPTION | |
| Extent | xl, 1480 p. |
| Other physical details | Includes bibliographical reference and index |
| 520 ## - SUMMARY, ETC. | |
| Summary, etc. | A comprehensive guide to the theory and application of valuation, along with useful models, tools, and tips for analysts Financial Valuation: Applications and Models provides authoritative reference and practical guidance on the appropriate, defensible way to prepare and present business valuations. With contributions by 30 top experts in the field, this updated edition provides an essential resource for those seeking the most up-to-date methods, with a strong emphasis on applications and models. |
| 942 ## - ADDED ENTRY ELEMENTS (KOHA) | |
| Source of classification or shelving scheme | Colon Classification (CC) |
| Suppress in OPAC | No |
| Koha item type | Textual |
| Withdrawn status | Lost status | Source of classification or shelving scheme | Damaged status | Not for loan | Home library | Current library | Date acquired | Total Checkouts | Barcode | Date last seen | Price effective from | Koha item type |
|---|---|---|---|---|---|---|---|---|---|---|---|---|
| Colon Classification (CC) | Ratan Tata Library | Ratan Tata Library | 2025-10-28 | RT1528496 | 2025-10-28 | 2025-10-28 | Textual |
